|
|
|
|
| LEADER |
00000cab a2200000 4500 |
| 001 |
vtls012002815 |
| 003 |
SK-MaSNL |
| 005 |
20260305040909.0 |
| 008 |
201111|20190830xo |||||||| ||00 |slo |
| 040 |
|
|
|a SNSK
|b slo
|e rda
|
| 041 |
0 |
|
|a slo
|
| 043 |
|
|
|a e-xo---
|
| 044 |
|
|
|a xo
|c SK
|
| 072 |
|
7 |
|a 796
|x Šport. Hry. Telesné cvičenia
|2 konspekt
|
| 080 |
|
|
|a 796.422
|2 2011
|
| 100 |
1 |
|
|a Božová, Danica
|4 aut
|4 pht
|9 332180
|
| 245 |
1 |
0 |
|a Harhovská desiatka priniesla súboj bežeckých kráľov Tatier
|c Danica Božová ; foto Danica Božová
|
| 300 |
|
|
|b Fotografie
|
| 336 |
|
|
|a text
|b txt
|2 rdacontent
|
| 337 |
|
|
|a bez média
|b n
|2 rdamedia
|
| 338 |
|
|
|a zväzok
|b nc
|2 rdacarrier
|
| 611 |
2 |
7 |
|a Harhovská desiatka
|n (7. :
|d 2019 :
|c Spišský Hrhov, Slovensko)
|2 SNK
|9 1620946
|
| 650 |
0 |
7 |
|a beh
|2 SNKPH
|9 3281
|
| 650 |
0 |
7 |
|a bežecké preteky
|2 SNKPH
|9 31134
|
| 651 |
|
7 |
|a Spišský Hrhov (Slovensko)
|2 SNKPHgeo
|9 31832
|
| 651 |
|
7 |
|a Levoča (Slovensko : okres)
|2 SNKPHgeo
|9 30131
|
| 655 |
|
7 |
|a správy
|2 SNKPH
|9 70563
|
| 773 |
0 |
|
|t Korzár
|g Roč. XXII., č. 201 (30.8.2019), s. 13
|x 2585-7355
|
| 958 |
|
|
|a RG
|
| 999 |
|
|
|c 3340913
|d 3342843
|